| 000 | 01039nam a2200277 a 4500 | ||
|---|---|---|---|
| 005 | 20060614174322.0 | ||
| 008 | 051129s2005 ii ab b 001 0 eng | ||
| 010 | _aENG-92692 | ||
| 020 |
_a9788175347038 _c395.00 |
||
| 035 | _aEN-76225 | ||
| 037 | _bDBAD / PUB | ||
| 040 |
_adpl _bEnglish |
||
| 082 | _a345.54 | ||
| 100 | _aGaur, K.D. | ||
| 245 |
_aTextbook on The Indian Penal Code / _cby K.D. Gaur; forewarded by V.N. Khare |
||
| 250 | _a4th thoroughly rev. and updated ed. | ||
| 260 |
_aDelhi _bUniversal Law Publishing _c2009 |
||
| 270 |
_aC-FF-1A, Dilkhush Industrial Estate, (Opp. Hans Cinema, Azadpur) G.T Karnal Road, _bDelhi _e110033 |
||
| 300 |
_acxxvi, 935p. _c23cm (pbk) |
||
| 504 | _aIncludes index. | ||
| 610 | _aIndia. Indian Penal Code | ||
| 650 |
_aCriminal laws _xIndia |
||
| 700 | _aKhare, V.N. | ||
| 942 |
_2ddc _cEN _mGAU _h345.54 |
||
| 999 |
_c22619 _d22619 |
||